| 000 | 00959nam a2200301Ia 4500 | ||
|---|---|---|---|
| 001 | Z_3785 | ||
| 003 | CHAP | ||
| 008 | 220113s2001 xx 000 0 und d | ||
| 010 | _a163614 | ||
| 040 | _cCHAP | ||
| 090 | _aTesis M 1531 | ||
| 100 |
_aMiñón Huesca, Ernesto _976028 |
||
| 245 |
_aComportamiento productivo y calidad de huevo, de gallinas alimentadas con dietas suplementadas con aceite de atún / _cpor Ernesto Miñón Huesca y Ana Karina Sánchez Durán |
||
| 260 |
_aChapingo, Méx. : _bEl autor, _c2001 |
||
| 300 | _a71 h. | ||
| 502 | _aTesis (Ing. Agr. Esp. en Zootecnia) -- UACH. Departamento de Zootecnia | ||
| 650 |
_aAceite de atún _9423 |
||
| 650 |
_aGallinas _xNutrición _944443 |
||
| 650 |
_aHuevos _xCalidad _956742 |
||
| 650 |
_aHuevos _xProducción _956759 |
||
| 700 |
_aSánchez Durán, Ana Karina _9107479 |
||
| 901 | _aTESIS M 1531 | ||
| 902 | _aM | ||
| 910 | _a2001 | ||
| 942 | _c2 | ||
| 942 | _c2 | ||
| 999 |
_c163614 _d163614 |
||